Najpopularniejsze drogerie w Polsce - Statystyki

Ogólne statystyki
  • Ten quiz został rozwiązany 316 razy
  • Średni wynik to 3 z 5
Statystyki odpowiedzi
Popularność Drogeria Siedziba przedsiębiorstwa-właściciela % Poprawnych
92,17% Rossmann Niemcy
94%
6,09% Hebe Portugalia
82%
0,79% Natura Polska
42%
0,95% Super-Pharm Izrael
30%
0,01% DM Niemcy
26%
Nie znaleziono quizów pasujących do podanych kryteriów
Rozkład punktacji
Procent ludzi z każdym wynikiem
Percentyl według liczby udzielonych odpowiedzi
Twoja historia wyników
Nie rozwiązałeś tego quizu